000 00885nam a2200253Ia 4500
003 OSt
005 20221005112315.0
006 a|||||r|||| 00| 0
007 ta
008 221004b |||||||| |||| 00| 0 pan d
020 _a9788178563428 (hbk)
024 _a18001
037 _bGift, 27/05/2015,
_cTextual
040 _aCRL
_cCRL
_bpan
041 _2pan
_apan
082 _aO153,3:g, Q2
100 _aਸਿੰਘ, ਪਰਮਪਾਲ
245 0 _aਪੰਜਾਬੀ ਕਹਾਣੀ
_b ਦਲਿਤ ਮਸਲੇ ਵੰਗਾਰਾਂ ਤੇ ਚੁਣੌਤੀਆਂ
260 _aਅੰਮ੍ਰਿਤਸਰ
_bਵਾਰਿਸ Fਾਹ ਭਾਰਤ
_c2012
300 _a112ਪੰ
_ccm.
650 _aਪੰਜਾਬੀ ਸਾਹਿਤ
942 _hO153,3:g, Q2
_cTEXL
_2cc
999 _c1024500
_d1024500